Captain America: Brave New World Quiz (SPOILERS) - Statistics

General Stats
  • This quiz has been taken 41 times
  • The average score is 6 of 9
Answer Stats
Actor Role % Correct
Anthony Mackie Sam Wilson/Captain America
100%
Danny Ramirez Joaquin Torres
97%
Harrison Ford President Ross/Red Hulk
94%
Sebastian Stan Bucky Barnes
88%
Tim Blake Nelson Samuel Sterns/The Leader
71%
Liv Tyler Betty Ross
68%
Shira Haas Ruth Bat-Seraph
47%
Carl Lumbly Isaiah Bradley
44%
Giancarlo Esposito Sidewinder
38%
No matching quizzes found
Score Distribution
Percent of People with Each Score
Percentile by Number Answered
Your Score History
You have not taken this quiz